000 00674nam a2200253Ia 4500
005 20260121161156.0
008 008 260114s9999 xx 000 0 eng d
020 _a9781003405207
037 _aEBOOK
040 _aCRL
040 _beng
040 _cCRL
041 _2eng
041 _aeng
084 _qCRL
100 _aBénédicte Vergez-Chaignon
_91041134
245 4 _aThe Man Who Murdered Admiral Darlan:Vichy, the Allies and the Resistance in French North Africa
260 _bTaylor and Francis
260 _c2023
856 _uhttp://www.taylorfrancis.com/books/9781003405207
942 _cEBOOK
999 _c1607950
_d1607950